Datum a čas kvízu
33
Celkem bodů
Celkový počet nahraných bodů na tomto kvízu bez doplňovacích otázek.
5.
Pořadí na kvízu
Konečné umístění týmu na tomto kvízu.
Zaznamenané odpovědi
| # | Otázka | Odpověď | Body | Výsledky |
|---|---|---|---|---|
| 1. | Karlovu univerzitu poprvé v hi... | Milena Králíčková | 1 | |
| 2. | Evropský parlament minulý týde... | Alexej Navalnyj | 1 | |
| 3. | Dům U kamenného zvonu v Praze... | Frida Kahlo | 1 | |
| 4. | Firma Apple opět vzbudila pozo... | Čisticí hadřík. | 1 | |
| 5. | Útočník Evander Kane ze San Jo... | Zfalšoval očkovací průkaz. | 1 | |
| 6. | Toto téma začneme manželkami k... | 1C 2B 3D 4A | 0 | |
| 7. | Přesuneme se ke Králi popu. Ja... | Neverland | 1 | |
| 8. | Kterému sportu se profesionáln... | Tenisu. | 0 | |
| 9. | Mnoho deskových her využívá kr... | Shogi | 0 | |
| 10. | V roce 2021 streamovací platfo... | Král Šamanů (Shaman King) | 0 |